000 00505nam a2200205Ia 4500
008 160803s9999 xx 000 0 und d
020 _a0 516239619
100 _aDouglas, Lloyd G.
245 _aWhat is a pulley? /
245 _cby Lloyd G. Douglas.
260 _aNew York :
260 _bScholastic Inc.
260 _c2002
300 _a24 pages :
300 _bcolor illustrations ;
300 _c16 x 19 cm.
650 _aPulleys --
650 _xJuvenile literature.
700 _a300
999 _c299400
_d299400